Sheehy : (Registro nro. 63150)

Detalles MARC
000 -LEADER
campo de control de longitud fija 02739am aa2200505i 44500
003 - IDENTIFICADOR DE NÚMERO DE CONTROL
campo de control PE-LiUPU
005 - FECHA Y HORA DE LA ÚLTIMA TRANSACCIÓN
campo de control 20251024130550.0
008 - DATOS DE LONGITUD FIJA--INFORMACIÓN GENERAL
campo de control de longitud fija 2109s2021 sp#a rb 001 0 spa d
020 ## - NÚMERO INTERNACIONAL ESTÁNDAR DEL LIBRO
Número Internacional Estándar del Libro 9788491137788
020 ## - NÚMERO INTERNACIONAL ESTÁNDAR DEL LIBRO
Número Internacional Estándar del Libro 9788491138556
035 ## - NÚMERO DE CONTROL DEL SISTEMA
Número de control de sistema PE-LiUPU000070
040 ## - FUENTE DE CATALOGACIÓN
Centro catalogador/agencia de origen PE-LiUPU
Lengua de catalogación spa
Centro/agencia transcriptor PE-LiUPU
Normas de descripción rda
041 1# - CÓDIGO DE IDIOMA
Código de lengua del texto/banda sonora o título independiente spa
Código de lengua original eng
082 04 - NÚMERO DE LA CLASIFICACIÓN DECIMAL DEWEY
Número de clasificación 616.025
Número de edición 23
Cutter S541
245 00 - MENCIÓN DEL TÍTULO
Título Sheehy :
Resto del título enfermería de urgencias : principios y práctica /
Mención de responsabilidad, etc. editado por Vicki Sweet y Andi Foley.
250 ## - MENCION DE EDICION
Mención de edición Séptima edición.
264 #1 - PRODUCCIÓN, PUBLICACIÓN, DISTRIBUCIÓN, FABRICACIÓN Y COPYRIGHT
Producción, publicación, distribución, fabricación y copyright Barcelona :
Nombre del de productor, editor, distribuidor, fabricante Elsevier España, S.L.U.,
Fecha de producción, publicación, distribución, fabricación o copyright 2021.
300 ## - DESCRIPCIÓN FÍSICA
Extensión 684 páginas :
Otras características físicas ilustraciones en color ;
Dimensiones 28 cm.
336 ## - TIPO DE CONTENIDO
Término de tipo de contenido texto
Código de tipo de contenido txt
Fuente rdacontent
337 ## - TIPO DE MEDIO
Nombre/término del tipo de medio sin mediación
Código del tipo de medio n
Fuente rdamedia
338 ## - TIPO DE SOPORTE
Nombre/término del tipo de soporte volumen
Código del tipo de soporte nc
Fuente rdacarrier
500 ## - NOTA GENERAL
Nota general Traducción de: Sheehy’s Emergency Nursing: Principles and Practice, 7th edition.
500 ## - NOTA GENERAL
Nota general Depósito legal: B. 14120-2020.
500 ## - NOTA GENERAL
Nota general Revisión científica: Antonio Esteve Ríos.
500 ## - NOTA GENERAL
Nota general Incluye índice alfabético (p. 647) y láminas en color.
504 ## - NOTA DE BIBLIOGRAFÍA, ETC.
Nota de bibliografía, etc. Incluye referencias bibliográficas.
505 0# - NOTA DE CONTENIDO CON FORMATO
Nota de contenido con formato Fundamentos de la enfermería de urgencias -- Práctica profesional -- Fundamentos clínicos de la enfermería de urgencias -- Urgencias médicas y quirúrgicas -- Emergencias traumatológicas -- Poblaciones especiales -- Índice alfabético.
520 ## - RESUMEN, ETC.
Sumario, etc. Manual exhaustivo sobre los principios y la práctica de la enfermería de urgencias. Incluye guías actualizadas sobre valoración del paciente, manejo del dolor, trauma, emergencias médicas, quirúrgicas y pediátricas, así como procedimientos especializados para el personal de urgencias y emergencias extrahospitalarias.
546 ## - NOTA DE IDIOMA
Nota de lengua/lenguaje Texto en español, traducido del inglés.
650 #0 - PUNTO DE ACCESO ADICIONAL DE MATERIA--TÉRMINO DE MATERIA
Término de materia o nombre geográfico como elemento de entrada Enfermería de urgencias.
9 (RLIN) 5665
650 #0 - PUNTO DE ACCESO ADICIONAL DE MATERIA--TÉRMINO DE MATERIA
Término de materia o nombre geográfico como elemento de entrada Servicios de urgencias médicas.
9 (RLIN) 7584
650 #0 - PUNTO DE ACCESO ADICIONAL DE MATERIA--TÉRMINO DE MATERIA
Término de materia o nombre geográfico como elemento de entrada Atención de emergencias médicas
Subdivisión general Métodos.
9 (RLIN) 7585
650 #0 - PUNTO DE ACCESO ADICIONAL DE MATERIA--TÉRMINO DE MATERIA
Término de materia o nombre geográfico como elemento de entrada Cuidados críticos
Subdivisión general Protocolos.
9 (RLIN) 7586
655 #7 - TERMINO DE INDIZACIÓN--GENERO/FORMA
Datos o término principal de género/forma Manuales y textos de referencia
Fuente del término rdfs
700 1# - ENTRADA AGREGADA--NOMBRE PERSONAL
Nombre de persona Sweet, Vicki,
Término indicativo de función/relación editora.
700 1# - ENTRADA AGREGADA--NOMBRE PERSONAL
Nombre de persona Foley, Andi,
Término indicativo de función/relación editora.
700 1# - ENTRADA AGREGADA--NOMBRE PERSONAL
Nombre de persona Esteve Ríos, Antonio,
Término indicativo de función/relación revisor científico.
710 2# - ENTRADA AGREGADA--NOMBRE DE ENTIDAD CORPORATIVA
Nombre de entidad corporativa o nombre de jurisdicción como elemento de entrada Emergency Nurses Association,
Término indicativo de función/relación autor corporativo.
710 2# - ENTRADA AGREGADA--NOMBRE DE ENTIDAD CORPORATIVA
Nombre de entidad corporativa o nombre de jurisdicción como elemento de entrada Elsevier España, S.L.U.,
Término indicativo de función/relación editor.
710 2# - ENTRADA AGREGADA--NOMBRE DE ENTIDAD CORPORATIVA
Nombre de entidad corporativa o nombre de jurisdicción como elemento de entrada GEA Consultoría Editorial,
Término indicativo de función/relación servicios editoriales.
856 40 - LOCALIZACIÓN Y ACCESO ELECTRÓNICOS
Identificador Uniforme de Recursos <a href="https://www.elsevier.es/libro/sheehy-enfermeria-urgencias-principios-practica-9788491137788">https://www.elsevier.es/libro/sheehy-enfermeria-urgencias-principios-practica-9788491137788</a>
Nota pública Sitio web oficial de la editorial Elsevier.
942 ## - ELEMENTOS DE ENTRADA SECUNDARIOS (KOHA)
Fuente del sistema de clasificación o colocación Clasificación Decimal Dewey
Tipo de ítem Koha Libros físicos
980 ## - EQUIVALENCIA O REFERENCIA-CRUZADA-MENCIÓN DE SERIE--NOMBRE DE PERSONA/TÍTULO [LOCAL, CANADÁ]
ID del usuario creador del registro 21515
Nombre del creador del registro ROMINA COBOS Adquisiciones
ID del último usuario que modificó el registro 21515
Nombre del último usuario que modificó el registro ROMINA COBOS Adquisiciones
Existencias
Visto por última vez Total de préstamos Signatura topográfica completa Código de barras Copia número Coste, precio de reemplazo Fecha de reemplazo Facultad Tipo de ítem Koha Estado de pérdida Fuente del sistema de clasificación o colocación Restricciones de uso No para préstamo Colección Programa académico Biblioteca de origen Biblioteca actual Ubicación en estantería Fecha de adquisición Fuente de adquisición Coste, precio normal de compra
2025-12-03   616.025 S541 82884 e1 93.48 2025-10-29 FSALUD Libros físicos No Perdido Clasificación Decimal Dewey No restringido Disponible para préstamos Colección General Enfermería Biblioteca CRAI UPeU Lima Biblioteca CRAI UPeU Lima Sala principal 2025-10-20 Compra, LICTUN SAC 88.48